| 000 | 00654nam a2200217 a 4500 | ||
|---|---|---|---|
| 005 | 20240507063706.0 | ||
| 008 | 020830s1993 mx r 000 0 spa d | ||
| 020 | _a9686851038 | ||
| 035 | _aUPN01000118798 | ||
| 049 | _aCG | ||
| 050 | 4 |
_aBT102 _bR8.38 |
|
| 100 | 1 | _aRuether, Rosemary Radford | |
| 245 | 1 | 0 |
_aGaia y Dios : _buna teología ecofeminista para la recuperación de la tierra / _cResemary Radford Ruether ; tr. Marta Novo. |
| 260 |
_aMéxico : _bDEMAC, _cc1993. |
||
| 300 | _a318 p. | ||
| 650 | 4 |
_aDIOS _916472 |
|
| 650 | 4 | _aTEOLOGIA NATURAL | |
| 650 | 4 |
_aFILOSOFIA DE LA NATURALEZA _97389 |
|
| 650 | 4 |
_aMitología _99786 |
|
| 905 | _aLibro | ||
| 999 |
_c91161 _d91161 |
||